<?xml version="1.0" encoding="UTF-8"?>
<marc:record xmlns:marc="http://www.loc.gov/MARC21/slim">
   <marc:leader>00000nam a2200000 a 4500</marc:leader>
   <marc:datafield ind1="0" ind2="0" tag="245">
      <marc:subfield code="a">Men at work</marc:subfield>
   </marc:datafield>
   <marc:datafield ind1=" " ind2="1" tag="264">
      <marc:subfield code="a">Friedberg</marc:subfield>
      <marc:subfield code="b">Pegasus Spiele</marc:subfield>
      <marc:subfield code="c">2018</marc:subfield>
   </marc:datafield>
   <marc:datafield ind1="1" ind2=" " tag="520">
      <marc:subfield code="a">Höher und höher wächst die Baustelle. Nicht lange, und die Stahlträger ragen bis in schwindelerregende Höhen. Unerschrocken arbeiten die Bauarbeiter, nur geschützt durch ihre Helme. Die Gefahr eines Einsturzes schwebt über dem Ganzen. Passt bloß auf, dass hier nichts passiert! Und dann muss natürlich auch Rita, die Chefin, beeindruckt werden, um &#x84;Bauarbeiter des Monats&#x93; zu werden. Es gibt also richtig viel zu tun! Los geht&#x92;s!</marc:subfield>
   </marc:datafield>
   <marc:datafield ind1="3" ind2=" " tag="024">
      <marc:subfield code="a">4250231716652</marc:subfield>
   </marc:datafield>
</marc:record>
